|
|
|
|
| LEADER |
01387nab#a2200457#ar4500 |
| 001 |
000127872 |
| 003 |
SVKKK |
| 005 |
20220407153651.0 |
| 008 |
131126d1917 xo |||||||||||||||b|hun |
| FMT |
|
|
|
| 038 |
|
|
|a SVKKK
|
| 040 |
|
|
|a SVKKK
|b slo
|e AACR2
|
| 041 |
0 |
|
|a hun
|
| 044 |
|
|
|a xo
|c SK
|
| 080 |
|
|
|a 354.61
|2 2011
|
| 080 |
|
|
|a 342.518
|2 2011
|
| 080 |
|
|
|a 341.462.1
|2 2011
|
| 080 |
|
|
|a 355.255
|2 2011
|
| 080 |
|
|
|a 94(100)"1914/1918"
|2 2011
|
| 242 |
1 |
0 |
|a Dr. Gejza Bogsch
|
| 245 |
1 |
0 |
|a Dr. Bogsch Géza
|
| 520 |
3 |
|
|a Štátny tajomník ministerstva obrany Dr. Géza Bogsch, krajan zo Spiša, dostal bezplatne titul a funkciu ministerského radcu odboru.
|
| 545 |
|
|
|a Különfélék
|
| 600 |
1 |
4 |
|a Bogsch, Géza
|c Dr.
|d 1874-1948
|x štátny tajomník ministerstva obrany
|x ministerský radca
|y 1917
|z Spiš (Slovensko)
|z Budapešť (Maďarsko)
|
| 648 |
0 |
4 |
|a 1917
|
| 650 |
0 |
4 |
|a ministerstvo obrany
|
| 650 |
0 |
4 |
|a štátni tajomníci
|
| 650 |
0 |
4 |
|a štátni úradníci
|
| 650 |
0 |
4 |
|a povýšenia
|
| 650 |
0 |
4 |
|a povyšovanie
|
| 650 |
0 |
4 |
|a prvá svetová vojna, 1914-1918
|
| 651 |
|
4 |
|a Spiš (Slovensko)
|
| 651 |
|
4 |
|a Budapešť (Maďarsko)
|
| 655 |
|
4 |
|a hungariká
|
| 773 |
0 |
|
|t Szepesi Lapok : Politikai És Tátrai Ujság
|g Roč. XXXIII, č. 60 (26.5.1917), s. 6
|
| 958 |
|
|
|a HU
|
| 974 |
|
|
|a vsz
|
| 992 |
|
|
|a RBX
|
| BAS |
|
|
|
| 852 |
|
|
|a SVKKK
|b BIB
|
| 998 |
|
|
|a RETRO
|